Cưỡi thuyền ngược gió: tư duy sáng tạo là cốt lõi kinh doanh

সংরক্ষণ করুন:
গ্রন্থ-পঞ্জীর বিবরন
প্রধান লেখক: Nobuyuki Takahashi
অন্যান্য লেখক: Vũ linh ((dịch))
বিন্যাস: গ্রন্থ
প্রকাশিত: Hà Nội Lao động- cty sách Thái Hà 2016
বিষয়গুলি:
ট্যাগগুলো: ট্যাগ যুক্ত করুন
কোনো ট্যাগ নেই, প্রথমজন হিসাবে ট্যাগ করুন!
Thư viện lưu trữ: Trung tâm Học liệu Lê Vũ Hùng, Trường Đại học Đồng Tháp
LEADER 00835pam a22002418a 4500
001 00042747
005 20181017141014.0
008 130410s2001 ||||||Viesd
020 # # |c 53000  |a 978 604 59 659748 
041 0 # |a Vie 
082 1 4 |b C558TH  |a 650.1 
100 1 # |a Nobuyuki Takahashi 
242 2 1 |a Orginal Working 
245 1 0 |a Cưỡi thuyền ngược gió: tư duy sáng tạo là cốt lõi kinh doanh  |c Nobuyuki Takahashi; Vũ linh Dịch 
260 # # |a Hà Nội  |b Lao động- cty sách Thái Hà  |c 2016 
300 # # |a 184 tr.  |c 19 cm 
653 # # |a Bí quyết thành công 
653 # # |a Kinh doanh 
653 # # |a Sáng tạo 
700 1 # |a Vũ linh  |e (dịch) 
852 # # |j KM.0026691 
910 |d 17/10/2018 
980 # # |a Trung tâm Học liệu Lê Vũ Hùng, Trường Đại học Đồng Tháp